000
00330nam a22001457a 4500
008
210308b ||||| |||| 00| 0 eng d
020
_a
9780070385627
041
_a
eng
080
_2
9th
_a
338
082
_a
338
100
_a
53
101
_a
MEN
245
_a
Foundations of Financial Management
_c
Block, S.B
942
_2
udc
_c
BK
999
_c
55983
_d
55983